000 00453nam a2200157Ia 4500
008 220204s9999 xx 000 0 und d
082 _a579.22
_bBAC.4
100 _aGunsalus, I C
245 0 _aBacteria: A treatise on structure and function. V 4. The physiology of growth
260 _aNew York
_bAcademic
_c1962
650 _aBacterial physiology
650 _aBacteriology
650 _aMicroorganisms
700 _aStanier, Roger Y
942 _cBK
999 _c20992
_d20992